[Event "Tarbes"]
[Site "?"]
[Date "2003.??.??"]
[Round "?"]
[White "Brunel"]
[Black "Kodjabachian, Julien"]
[Result "0-1"]
[WhiteElo "1910"]
[BlackElo "2045"]
[PlyCount "54"]

1.e4 Nc6 2.Nf3 d6 3.d4 Nf6 4.Bd3 Bg4 5.c3 e6 6.O-O Be7 7.Bg5 h6 8.Bh4 e5 
9.d5 Nb8 10.Nbd2 a6 11.b4 Nbd7 12.a4 Nf8 13.Qc2 g5 14.Bg3 Ng6 15.c4 Nh5 
16.c5 Nhf4 17.h3 Bh5 18.Bh2 g4 19.hxg4 Bxg4 20.Bxf4 Nxf4 21.g3 Rg8 22.Nh2 
Bh3 23.Rfe1 Bh4 24.Ndf1 Qf6 25.Ra3 Bg4 26.Nxg4 Rxg4 27.Kh1 Qg7 0-1

[Event "Tarbes"]
[Site "?"]
[Date "2003.??.??"]
[Round "?"]
[White "BARZOV"]
[Black "SAKRI"]
[Result "1-0"]
[WhiteElo "2531"]
[BlackElo "2020"]
[PlyCount "37"]

1.d4 Nf6 2.c4 e6 3.Nc3 Bb4 4.Nf3 O-O 5.Bg5 d5 6.cxd5 exd5 7.e3 Bg4 8.Qb3 
Bxc3+ 9.bxc3 b6 10.Bxf6 gxf6 11.Bd3 Re8 12.Nh4 c6 13.Qc2 h6 14.Bf5 Bxf5 
15.Nxf5 h5 16.Qe2 Re6 17.Qxh5 Qf8 18.h4 Nd7 19.Rh3 1-0

[Event "Tarbes"]
[Site "?"]
[Date "2003.??.??"]
[Round "?"]
[White "Barsov, Alexei"]
[Black "Marciano"]
[Result "1/2-1/2"]
[WhiteElo "2531"]
[BlackElo "2502"]
[PlyCount "21"]

1.d4 d5 2.c4 e6 3.Nc3 Be7 4.cxd5 exd5 5.Bf4 Nf6 6.e3 O-O 7.Bd3 c5 8.dxc5 
Bxc5 9.Nf3 Nc6 10.O-O d4 11.Na4 1/2-1/2

[Event "Tarbes"]
[Site "?"]
[Date "2003.??.??"]
[Round "1"]
[White "Moragrega, Remi"]
[Black "Kodjabachian, Julien"]
[Result "1-0"]
[WhiteElo "1750"]
[BlackElo "2045"]
[PlyCount "45"]

1.d4 Nf6 2.Nf3 d6 3.e3 Bf5 4.b3 e6 5.Bb2 Be7 6.Be2 Nbd7 7.Nbd2 c5 8.Nh4 
Bg6 9.Nxg6 hxg6 10.c4 Qa5 11.Qc2 cxd4 12.Bxd4 Rc8 13.Rc1 d5 14.Bc3 Qc7 15.
Qb1 Rxh2 16.Rxh2 Qxh2 17.cxd5 Qg1+ 18.Bf1 Ng4 19.Bd4 Rxc1+ 20.Qxc1 Qxf2+ 
21.Kd1 Bb4 22.dxe6 Bxd2 23.Qc8+ 1-0

[Event "Tarbes"]
[Site "?"]
[Date "2003.??.??"]
[Round "3"]
[White "Janotta, Patrick"]
[Black "De Laubadere, Philippe"]
[Result "0-1"]
[WhiteElo "2134"]
[BlackElo "1970"]
[PlyCount "77"]

1.e4 d6 2.d4 Nf6 3.Nc3 g6 4.Be3 c6 5.Qd2 Nbd7 6.O-O-O Qa5 7.Kb1 Bg7 8.f3 
b5 9.Bh6 Bxh6 10.Qxh6 Bb7 11.Nh3 O-O-O 12.Qd2 b4 13.Ne2 Qb6 14.Nc1 c5 15.
Ng5 Rhf8 16.Bc4 e6 17.Bxe6 fxe6 18.Nxe6 d5 19.Nxf8 Rxf8 20.e5 Ne8 21.dxc5 
Nxc5 22.Nd3 Nxd3 23.Qxd3 Ng7 24.Rhe1 Ne6 25.Qd2 d4 26.Qh6 Rf7 27.h4 Bd5 
28.Qd2 a5 29.h5 g5 30.h6 Rc7 31.Rf1 Qc6 32.Rc1 Qc4 33.b3 Qc6 34.Qd3 a4 35.
Qd2 Qb5 36.Rfe1 Kb8 37.Qd3 Qa5 38.Qd2 Rc3 39.Qe2 0-1

[Event "Ch FRA - Open A"]
[Site "AIX LES BAINS"]
[Date "2003.??.??"]
[Round "3.5"]
[White "Carmeille, Ludovic"]
[Black "Debray, Christopher"]
[Result "1-0"]
[WhiteElo "2083"]
[BlackElo "2159"]
[EventDate "2003.??.??"]
[PlyCount "63"]

1.e4 Nf6 {La provocatrice defense Alekhine dont l'objectif est d'inciter 
les Blancs a prendre de l'espace par l'avancee e4-e5 pour ensuite miner le
poste avance par d7-d6, le clouage (eventuel) du Cf3 par Fc8-g4 , le 
fianchetto du Fg7,etc...} 2.e5 Nd5 3.d4 d6 4.c4 Nb6 5.f4 $5 {Les Blancs 
choisissent la tres ambitieuse variante des 4 pions, une quasi- tentative 
de refutation de la defense.} 5...dxe5 6.fxe5 Nc6 7.Be3 
    ( 7.Nf3 Bg4 $1 8.e6 $5 fxe6 
        ( 8...Bxe6 $2 9.d5 )
    9.c5 Nd5 {semble tenir pour les Noirs.} )
7...g6 {Ce coup semble une nouveaute, au moins a haut niveau.} 
    ( {Habituel est} 7...Bf5 {avec l'idee de poursuivre un developpement 
    classique} 8.Nc3 e6 9.Nf3 )
8.Nc3 Bg7 9.Be2 O-O 10.Qd2 $5 
    ( 10.Nf3 Bg4 11.O-O f6 )
10...f6 {la seule rupture contre le puissant centre blanc.} 11.c5 $5 {une 
tentative d'utiliser la nouvelle faiblesse de la diagonale c4-g8.} 11...
Nd5 12.Nxd5 
    ( 12.Bc4 e6 )
12...Qxd5 13.b3 {un peu "telephone" et affaiblissant.} 
    ( 13.Bd1 $5 Kh8 14.Bf3 {et si} 14...Qf7 $2 15.e6 $1 )
13...Kh8 14.Bf3 Qf7 15.e6 $6 Bxe6 $2 
    ( 15...Qxe6 $1 16.d5 Qe5 {eut exploite directement la faiblesse cree 
    par le coup b2-b3!} 17.Rd1 Bh6 $1 {avec une finale peu claire ou 
    l'avantage d'espace des Blancs compense le pion de moins.} 18.Kf2 
    Bxe3+ 19.Qxe3 Qxe3+ 20.Kxe3 $13 )
16.d5 Rad8 17.dxe6 Qxe6 18.Qe2 f5 19.Bxc6 {end un piege vicieux} 19...Qxc6
    ( 19...Bxa1 $4 20.Bd4+ )
    ( 19...Bc3+ $5 )
20.Rc1 f4 21.Bd2 Rf6 
    ( 21...e5 $1 {a mon sens, les Noirs devraient utiliser leurs pions 
    centraux comme autant de projectiles pour ouvrir la position sur le 
    roi blanc au centre.} 22.Nf3 $6 
        ( 22.Nh3 f3 23.gxf3 Rxd2 $1 )
        ( 22.Bc3 {rend un pion mais permet de se developper.} 22...Qxc5 
        23.Nf3 Rfe8 24.Nd2 )
    22...e4 23.Ng5 f3 )
22.Qf3 Re6+ 23.Ne2 Qa6 24.Rc2 Rd3 25.Qf2 Bd4 
    ( 25...Rd5 )
26.Qxf4 Bf6 27.Qc4 Qc6 28.Rf1 Rd4 {Diagramme # # #} 29.Rxf6 $1 {apres 
avoir joue les seuls coups pour resister, Ludovic trouve une elegante 
liquidation tactique.} 29...Rxc4 30.Rxe6 Rxc2 
    ( 30...Qxg2 {perd trop de materiel apres} 31.Rxc4 Qh1+ 32.Ng1 $1 Qxg1+
    33.Ke2 Qxh2+ 34.Kd1 )
    ( {la seule tentative valable} 30...Qxe6 31.Rxc4 {serait egalement 
    tres difficile a jouer pour Noir.} )
31.Rxc6 bxc6 32.Nc3 $1 {superbe, la tour est enfermee !} 1-0

[Event "2e Open de Condom"]
[Site "?"]
[Date "2003.??.??"]
[Round "5"]
[White "David, Vincent"]
[Black "Viot, Alain"]
[Result "1/2-1/2"]
[WhiteElo "2333"]
[BlackElo "2102"]
[EventDate "2003.??.??"]
[PlyCount "39"]

1.d4 Nf6 2.c4 e6 3.Nf3 b6 4.g3 Bb7 5.Bg2 Bb4+ 6.Bd2 Bxd2+ 7.Nbxd2 c5 8.O-O
cxd4 9.Nb3 O-O 10.Qxd4 Nc6 11.Qh4 d5 12.Rfd1 Qe7 13.Rac1 dxc4 14.Qxc4 Rfd8
15.Nfd4 Nxd4 16.Nxd4 Rac8 17.Qa4 Bxg2 18.Kxg2 Qb7+ 19.f3 Nd5 20.Kf2 
1/2-1/2

[Event "2e Open de Condom"]
[Site "?"]
[Date "2003.??.??"]
[Round "5"]
[White "Meijers, Viesturs"]
[Black "Cwiek, Loic"]
[Result "1-0"]
[WhiteElo "2483"]
[BlackElo "2155"]
[EventDate "2003.??.??"]
[PlyCount "19"]

1.e4 c5 2.Nf3 Nc6 3.d4 cxd4 4.Nxd4 Nf6 5.Nc3 g6 6.Bc4 Bg7 
    ( 6...Qb6 7.Nb3 Bg7 8.O-O O-O 9.Be3 Qc7 $14 )
7.Nxc6 Qc7 $4 
    ( 7...bxc6 8.e5 Ng8 
        ( 8...Ng4 9.Qxg4 d5 10.Qf3 dxc4 11.Qxc6+ Bd7 12.Qxc4 Bxe5 $14 )
    9.Qf3 f5 10.exf6 Nxf6 11.O-O d5 12.Bb3 $11 )
    ( 7...dxc6 8.Qxd8+ Kxd8 9.Be3 e6 10.O-O-O+ Nd7 $14 )
8.e5 Ng8 9.Qf3 e6 10.Nb5 1-0

[Event "2e Open Condom"]
[Site "?"]
[Date "2003.??.??"]
[Round "3"]
[White "Guliev, Logman"]
[Black "Pinter, Jozsef"]
[Result "1-0"]
[WhiteElo "2369"]
[BlackElo "2548"]
[EventDate "2003.??.??"]
[PlyCount "80"]

1.e4 e5 2.Nf3 Nc6 3.Bb5 a6 4.Ba4 Nf6 5.O-O Be7 6.Re1 b5 7.Bb3 O-O 8.h3 d6 
9.c3 Na5 10.Bc2 c5 11.d4 Qc7 12.Nbd2 Re8 13.Nf1 g6 14.b3 Bf8 15.Bg5 Bg7 
16.Qd2 Nc6 17.Rac1 Bb7 18.Bb1 Na5 19.Ng3 c4 20.b4 Nc6 21.d5 Nb8 22.Nh4 
Nbd7 23.Bh6 Bxh6 24.Qxh6 Kh8 25.Rf1 Ng8 26.Qd2 Qd8 27.Nf3 f6 28.Nh2 a5 29.
Kh1 Bc8 30.Ne2 Qb6 31.f4 exf4 32.Rxf4 Ne5 33.a3 axb4 34.axb4 Ra4 35.Rff1 
Bd7 36.Nf3 Nxf3 37.Rxf3 Re5 38.Nd4 Ra8 39.Qf2 Rf8 40.Bc2 {.... illisible 
1-0 au 58e coup} 40...Qa7 1-0

[Event "Tarbes"]
[Site "?"]
[Date "2003.??.??"]
[Round "?"]
[White "Juglard, Eric"]
[Black "Jossien"]
[Result "1/2-1/2"]
[WhiteElo "2186"]
[BlackElo "2340"]
[PlyCount "117"]

1.d4 d6 2.Nc3 Nf6 3.Bg5 Nbd7 4.e4 e5 5.f4 Be7 6.Nf3 h6 7.Bxf6 Bxf6 8.fxe5 
dxe5 9.d5 O-O 10.Bc4 Qe7 11.Qe2 Qb4 12.O-O-O Nb6 13.Bb3 Bd7 14.h3 a5 15.g4
a4 16.a3 Qe7 17.Ba2 g6 18.Rdg1 Bg7 19.h4 Nc8 20.Nd1 Nd6 21.Nd2 b5 22.c3 c5
23.dxc6 Bxc6 24.Rg3 Qb7 25.Nf2 Rfc8 26.Kb1 Bd7 27.g5 h5 28.Rd1 Rab8 29.Rd3
Ne8 30.Nf1 Be6 31.Bxe6 fxe6 32.Rd7 Rc7 33.Qd3 Rbc8 34.Ne3 Bf8 35.Rxc7 Rxc7
36.Qd8 Qc6 37.Nc2 Rf7 38.Nd3 Bd6 39.Ncb4 Bxb4 40.axb4 Kf8 41.Nc5 Kg7 42.
Rd7 Rxd7 43.Qxd7+ Qxd7 44.Nxd7 Nd6 45.Nc5 Kf7 46.Kc2 Nc4 47.b3 Ne3+ 48.Kb2
axb3 49.Kxb3 Ke7 50.Nd3 Kd6 51.Ne1 Nd1 52.Kc2 Nf2 53.c4 bxc4 54.Kc3 Nxe4+ 
55.Kxc4 Kc6 56.b5+ Kb6 57.Nf3 Nd6+ 58.Kb4 Nxb5 59.Nxe5 1/2-1/2

[Event "Tarbes"]
[Site "?"]
[Date "2003.??.??"]
[Round "1"]
[White "Cheron, Stephane"]
[Black "Jossien, Arnaud"]
[Result "0-1"]
[WhiteElo "1910"]
[BlackElo "2340"]
[PlyCount "110"]

1.e4 d6 2.d4 Nf6 3.Nc3 e5 4.dxe5 dxe5 5.Qxd8+ Kxd8 6.Bd3 c6 7.Bg5 Be6 8.
O-O-O Nd7 9.f4 exf4 10.e5 h6 11.Bxf6+ gxf6 12.exf6 Kc7 13.Nge2 Bc5 14.Rdf1
Be3+ 15.Kb1 Rag8 16.Nxf4 Bxf4 17.Rxf4 Rxg2 18.Rh4 Rhg8 19.Kc1 Nxf6 20.Rxh6
Rg1+ 21.Rxg1 Rxg1+ 22.Kd2 Ng4 23.Rh7 Rg2+ 24.Ke1 Rxh2 25.Rg7 Ne5 26.Be2 b5
27.b4 Rh1+ 28.Kd2 Rh2 29.Kc1 a5 30.a3 axb4 31.axb4 Rh4 32.Rg5 Nd7 33.Bd3 
Rxb4 34.Kd2 Rg4 35.Rh5 Nf6 36.Re5 Rg2+ 37.Ne2 Kd6 38.Re3 Ng4 39.Re4 f5 40.
Rf4 Ke5 41.Rf1 f4 42.Kc3 Ne3 43.Nxf4 Rxc2+ 44.Bxc2 Nxf1 45.Nd3+ Kd6 46.Nb4
Ne3 47.Bd3 Nd5+ 48.Kb3 c5 49.Nxd5 Bxd5+ 50.Kc3 b4+ 51.Kb2 c4 52.Bb1 Kc5 
53.Bc2 c3+ 54.Kc1 b3 55.Bb1 Kd4 0-1

[Event "2e Open Condom"]
[Site "?"]
[Date "2003.??.??"]
[Round "4.56"]
[White "Galby, Vassili"]
[Black "Breton, Yves"]
[Result "1-0"]
[WhiteElo "1460"]
[BlackElo "1990"]
[EventDate "2003.??.??"]
[PlyCount "39"]

1.e4 b6 2.d4 Bb7 3.Bd3 e6 4.c4 Bb4+ 5.Nd2 Ne7 6.a3 Bxd2+ 7.Bxd2 O-O 8.Nf3 
f5 9.d5 fxe4 10.Bxe4 Nf5 
    ( 10...exd5 11.cxd5 Bxd5 12.Qc2 )
11.Bc3 a5 12.O-O Na6 13.b4 axb4 14.axb4 Nd6 15.Qd4 Rf7 $2 
    ( 15...Qe7 )
16.dxe6 Re7 17.Bxh7+ Kxh7 18.Qh4+ Kg6 19.Qg5+ 
    ( 19.g4 Qh8 20.Ne5# )
19...Kh7 20.Qh5+ {Abandon,mais si Rg8 Cg5 Fe4! pare le mat!!!} 1-0

[Event "Condom"]
[Site "?"]
[Date "2003.??.??"]
[Round "?"]
[White "Bokros, Albert"]
[Black "Ducret, Thomas"]
[Result "1/2-1/2"]
[WhiteElo "2477"]
[BlackElo "2223"]
[EventDate "2003.??.??"]
[PlyCount "85"]

1.e4 c5 2.Nf3 e6 3.d4 cxd4 4.Nxd4 Nc6 5.Nc3 d6 6.Be2 Nf6 7.Be3 Be7 8.O-O 
O-O 9.f4 Bd7 10.Kh1 Nxd4 11.Bxd4 Bc6 12.Bd3 Nd7 13.Qh5 Bf6 $1 14.Bxf6 
    ( 14.e5 g6 15.Qe2 Bg7 $15 {Bokros} )
14...Nxf6 15.Qh3 e5 16.fxe5 dxe5 17.Qg3 Qe7 18.Rf5 Rae8 19.Raf1 Kh8 20.Bc4
    ( 20.a3 b5 21.Qh4 a6 22.b4 $14 )
20...b5 21.Rxf6 $2 gxf6 22.Bxb5 Bxb5 23.Nxb5 Rg8 24.Qf2 
    ( 24.Qh4 f5 $1 25.Qxe7 Rxe7 26.Rxf5 Rb8 $19 )
24...Rg4 $1 25.Qe2 Rf4 26.Re1 f5 27.Nc3 Qb7 
    ( 27...fxe4 28.Nd5 Qh4 29.Nxf4 exf4 $17 )
28.g3 Rg4 29.Qf3 Qxb2 30.Nd5 Rxe4 31.Rxe4 fxe4 
    ( 31...Qc1+ 32.Kg2 fxe4 33.Qxf7 )
32.Qf6+ Kg8 33.Qg5+ Kh8 34.Nf6 Qb1+ 35.Kg2 Qxc2+ 36.Kh3 Qc8+ 37.Kh4 Re6 
38.Qh6 
    ( 38.Qf5 Kg7 )
38...Rxf6 39.Qxf6+ Kg8 40.Qxe5 Qd8+ 41.Kh5 Qd3 42.Qb8+ Kg7 43.Qe5+ 1/2-1/2

[Event "N4 - R4 - "]
[Site "D4 - R4 - RAMONVILLE / TOURNE"]
[Date "2003.??.??"]
[Round "?"]
[White "BEDOS, Michel"]
[Black "DEZAN, Pierre"]
[Result "1-0"]
[WhiteElo "2293"]
[BlackElo "2152"]
[EventDate "2003.??.??"]
[Annotator "RAMONVILLE / TOURNEFEUILLE"]
[PlyCount "77"]

1.d4 Nf6 2.c4 g6 3.Nc3 Bg7 4.Nf3 O-O 5.Bg5 {Une vieille ligne popularisee 
en son temps (annees 50 !) par le toujours vert Vassili Smyslov.} 5...c5 {
Une des reactions les plus agressives! Les Noirs tentent de profiter du 
depart du fou de cases noires de l'aile dame blanche.} 
    ( 5...d6 6.e3 Nbd7 
        ( 6...h6 7.Bh4 g5 8.Bg3 Nh5 9.Nd2 
            ( 9.Qc2 )
            ( 9.Bd3 )
            ( 9.Be2 )
        9...Nxg3 10.hxg3 {avec jeu a double tranchant.} )
    7.Be2 e5 {est une autre possibilite plus "est-indienne".} )
6.d5 h6 $1 {Le plus precis. Les Blancs doivent choisir leur diagonale...} 
7.Bh4 Qa5 8.Nd2 
    ( 8.Qd2 {est possible aussi.} )
8...e6 9.e4 exd5 10.cxd5 
    ( 10.exd5 $6 {ne serait pas dans l'esprit et donnerait une initiative 
    certaine aux Noirs par} 10...Re8+ 11.Be2 Ne4 $1 12.Ncxe4 
        ( 12.Ndxe4 Rxe4 13.Bg3 Bxc3+ 14.bxc3 Qxc3+ )
    12...Rxe4 13.Bg3 Bxb2 14.Qc2 Rxe2+ 15.Kxe2 Bxa1 16.Rxa1 )
10...Re8 11.f3 {Il faut proteger solidement le pion e4 pour eviter tous 
les pseudo-sacrifices ou la thematique poussee b7-b5.} 
    ( 11.Bd3 b5 $5 )
    ( 11.Qc2 Nxe4 12.Ncxe4 f5 $13 )
11...d6 $6 {Ce coup naturel s'avere etre une imprecision!} 
    ( 11...a6 $2 12.Nc4 Qd8 13.Nd6 {serait une faillite!} )
    ( 11...g5 $5 12.Bg3 Nh5 13.Bd6 Bxc3 14.bxc3 Qxc3 {semble etre le 
    meilleur moyen de pecher en eau trouble!} )
12.Nc4 Qd8 
    ( {Durant la partie, j'ai passe du temps a essayer d'evaluer la 
    position apres} 12...Qb4 $6 13.Kf2 
        ( {ou mieux encore} 13.a3 $1 Nxe4 $5 14.fxe4 Bxc3+ 15.Kf2 Bd4+ 16.
        Qxd4 $1 )
    13...Nxe4+ 14.fxe4 Bd4+ 15.Kf3 {tres complique mais les Blancs 
    semblent s'en sortir.} )
13.Be2 {Un peu passif mais j'etais encore sur mes frayeurs des variantes 
precedentes... et , sommairement, la position reste la meme quant a la 
faiblesse du pion d6 notamment.} 13...g5 {amene la position esperee mais} 
    ( 13...Qd7 $5 14.a4 $1 Qe7 15.Bg3 Rd8 16.Nb5 Ne8 17.O-O {est difficile
    pour les Noirs.} )
14.Bg3 Nh5 15.Bxd6 Bxc3+ 16.bxc3 b5 17.Bxb8 {le coup peut-etre oublie par 
mon adversaire quand il joue :13 ...g5 mais qui lui donne malgre tout des 
compensations sur cases noires.} 17...Rxb8 18.Nd2 c4 19.O-O {Maintenant ou
jamais!} 19...Qb6+ 20.Rf2 
    ( 20.Kh1 Qe3 21.Rc1 Nf4 22.Re1 Qf2 23.Bf1 {ne me plaisait pas trop!} )
20...Qe3 21.a4 a6 22.axb5 axb5 23.Rc1 Ra8 24.g3 
    ( 24.Nf1 Qc5 )
24...Nf6 25.Nf1 Qc5 26.g4 $6 
    ( 26.Qd4 $5 {ce coup tant espere me semblait ici une faute car} 26...
    Qxd4 27.cxd4 g4 $1 {mais je n'avais pas vu} 28.Nd2 $8 {et Blanc 
    conserve son avantage.} 28...Ra2 29.Bd1 )
26...Ra2 
    ( 26...Bxg4 $1 27.fxg4 
        ( {meilleur est} 27.e5 Nxd5 28.fxg4 Nf4 29.Qd4 )
    27...Nxe4 28.Qd4 Qxd4 29.cxd4 Nxf2 30.Kxf2 Re4 )
27.Ng3 Qe3 28.Nf1 Qf4 
    ( {sur} 28...Qc5 {j'aurais joue} 29.Qd4 )
29.Ra1 Rxa1 30.Qxa1 h5 31.h3 Bd7 32.Qa7 $1 b4 $5 {une tentative un peu 
brutale, mais piegeuse} 33.cxb4 c3 34.Bd1 
    ( {bien sur, le planifie} 34.Qe3 $4 {se heurte a} 34...c2 )
34...Qc1 35.Qe3 Qxd1 
    ( 35...Qxe3 36.Nxe3 {est sans espoir} )
36.Qxg5+ Kf8 $2 {amene un mat force} 
    ( 36...Kh7 37.Qxf6 c2 38.Qxf7+ Kh8 39.Rxc2 Qxc2 40.Qxd7 Rf8 41.Qc6 Qd3
        ( 41...Qxc6 42.dxc6 Rxf3 43.b5 Rc3 44.Ne3 Rc5 45.Nd5 Rxb5 46.gxh5 
        Rc5 47.c7 Kg7 48.e5 Kf7 49.h6 Rc2 50.h7 Kg7 51.e6 )
    42.Qh6+ Kg8 43.Qg6+ Kh8 44.Qxh5+ Kg7 45.Qe5+ Kg8 46.Qg5+ Kf7 47.Qe3 
    Qc4 {et meme si l'avantage blanc est consequent, il faut encore jouer!
    } )
37.Qxf6 c2 38.d6 $1 Kg8 39.gxh5 $1 {L'ultime reserve;ce coup amene 2 
pieces matantes : la tour en g2 et le pion en h6!} 1-0

[Event "Tarbes"]
[Site "?"]
[Date "2003.??.??"]
[Round "1"]
[White "Wardenski, Eric"]
[Black "Tugaye, Francis"]
[Result "1-0"]
[WhiteElo "1860"]
[BlackElo "2157"]
[EventDate "2003.??.??"]
[PlyCount "64"]

1.d4 Nf6 2.Nf3 e6 3.e3 b6 4.Bd3 Bb7 5.Nbd2 c5 6.b3 cxd4 7.exd4 Bb4 8.Bb2 
Nd5 9.O-O O-O 10.c4 Nf4 11.Be4 d5 12.cxd5 exd5 13.Bc2 Ba6 14.Re1 Nc6 15.a3
Bd6 16.Nf1 Rc8 17.Ng3 g6 18.Qd2 Qf6 19.Rac1 h5 20.h4 Rc7 21.Bb1 Rfc8 22.
Rxc6 Rxc6 23.Ne5 Qxh4 24.Nxc6 Rxc6 25.Re8+ Kg7 26.Qe1 Qg5 27.Re5 f5 28.
Bxf5 gxf5 29.Rxf5 Qh6 30.Qe8 Qe6 31.Qxe6 Nxe6 32.Rxh5 Rc2 {temps} 1-0

[Event "N3"]
[Site "?"]
[Date "2003.??.??"]
[Round "9"]
[White "Yrle, Michel"]
[Black "Dos Santos, Pascal"]
[Result "0-1"]
[WhiteElo "1880"]
[BlackElo "1670"]
[EventDate "2003.??.??"]
[Annotator "Perpignan/Agen"]
[PlyCount "78"]

1.e4 e6 2.d4 d5 3.e5 c5 4.c3 Nc6 5.Nf3 Bd7 6.Be2 Qb6 7.a3 cxd4 8.cxd4 Nge7
9.b4 Nf5 10.Be3 Be7 11.O-O O-O 12.Nc3 f6 13.Na4 Qd8 14.Nc5 b6 15.Nxd7 Qxd7
16.Bb5 a6 17.Bxc6 Qxc6 18.Rc1 Qb7 19.Qd2 Rac8 20.Bf4 g6 21.g4 Ng7 22.exf6 
Bxf6 23.Bh6 Qf7 24.Qe3 Rc4 25.Ne5 Bxe5 26.dxe5 Rxg4+ 27.Kh1 Nf5 28.Bxf8 
Nxe3 29.fxe3 Qb7 30.Rce1 d4+ 31.e4 Rxe4 32.Rxe4 Qxe4+ 33.Kg1 h5 34.Bd6 d3 
35.Rf8+ Kh7 36.Rf7+ Kh6 37.Bf8+ Kg5 38.Rf2 d2 39.Rxd2 Qe1+ 0-1

[Event "N3"]
[Site "?"]
[Date "2003.??.??"]
[Round "9"]
[White "Van Steenbergen, Alain"]
[Black "Lebon, Joffrey"]
[Result "0-1"]
[WhiteElo "1750"]
[BlackElo "2055"]
[EventDate "2003.??.??"]
[Annotator "Cahors/ET"]
[PlyCount "112"]

1.e4 e5 2.Nf3 Nc6 3.Bc4 Be7 4.c3 Nf6 5.d3 d6 6.Nbd2 O-O 7.Bb3 Be6 8.h3 Nd7
9.Nf1 Nc5 10.Bc2 f5 11.b4 fxe4 12.dxe4 Nd7 13.Ne3 a5 14.b5 Na7 15.c4 Nc8 
16.Nd5 Ncb6 17.Qe2 c6 18.bxc6 bxc6 19.Nxe7+ Qxe7 20.Bg5 Qf7 21.Nd2 Nxc4 
22.Bb3 Nxd2 23.Bxe6 Qxe6 24.Qxd2 Nf6 25.f3 d5 26.exd5 cxd5 27.Rd1 d4 28.
O-O Nd5 29.Rfe1 Nc3 30.Rc1 h6 31.Bh4 Rac8 32.Bg3 Rc5 33.Bf2 Rfc8 34.Kh1 
Qxa2 35.Rc2 Qf7 36.Rec1 Rc4 37.Qd3 a4 38.Be1 Qc7 39.Qf5 a3 40.Qe6+ Kh8 41.
Bg3 Rc6 42.Qg4 Qa5 43.Re1 a2 44.Rcc1 Nb1 45.Bxe5 Qxe5 46.Qxc8+ Rxc8 47.
Rxc8+ Kh7 48.Rxe5 a1=Q 49.Ree8 d3 50.Rh8+ Kg6 51.Rc6+ Kh5 52.Rc5+ g5 53.
g4+ Kh4 54.Rxh6+ Kg3 55.Rc1 Qb2 56.Rg1+ Kf4 0-1

[Event "Tarbes"]
[Site "?"]
[Date "2003.??.??"]
[Round "?"]
[White "Dargagnon"]
[Black "Auneau, Dominique"]
[Result "1-0"]
[WhiteElo "2125"]
[BlackElo "1970"]
[PlyCount "83"]

1.d4 Nf6 2.Nf3 d5 3.c4 c6 4.Nc3 e6 5.e3 Ne4 6.Nxe4 dxe4 7.Nd2 f5 8.g3 Be7 
9.Bg2 Na6 10.a3 O-O 11.O-O c5 12.Nb3 Bd7 13.Nxc5 Nxc5 14.dxc5 Bxc5 15.b4 
Be7 16.Bb2 Qc7 17.Rc1 Rad8 18.Qb3 Bc8 19.Rfd1 Rxd1+ 20.Rxd1 Rd8 21.c5 
Rxd1+ 22.Qxd1 Qd8 23.Qxd8+ Bxd8 24.Bf1 Kf7 25.Bb5 a6 26.Ba4 Bf6 27.Bxf6 
Kxf6 28.Kf1 Ke7 29.Ke2 e5 30.Kd2 g5 31.Kc3 Be6 32.Bb3 Bc8 33.Bd5 Kd8 34.
Kc4 Ke7 35.a4 Be6 36.Bxe6 Kxe6 37.b5 h5 38.c6 axb5+ 39.Kxb5 bxc6+ 40.Kxc6 
f4 41.a5 g4 42.a6 1-0

[Event "N3"]
[Site "?"]
[Date "2003.??.??"]
[Round "9"]
[White "Talavera, Jose"]
[Black "Baumann, Benjamin"]
[Result "1/2-1/2"]
[WhiteElo "1850"]
[BlackElo "2010"]
[EventDate "2003.??.??"]
[Annotator "CEIT/Condom"]
[PlyCount "51"]

1.e4 d5 2.exd5 Nf6 3.Nc3 Nxd5 4.Bc4 Be6 5.Nxd5 Bxd5 6.Bxd5 Qxd5 7.Qf3 {=} 
7...Qc6 8.d4 e6 9.Bd2 Be7 10.O-O-O a5 11.Qxc6+ Nxc6 12.Nf3 O-O 13.Kb1 Bf6 
14.Bf4 Nb4 15.c4 c6 16.g4 Rfd8 17.g5 Be7 18.Rhe1 Bf8 19.Bc7 Rdc8 {=} 20.
Be5 b5 21.a3 Na6 22.c5 Nc7 23.Bxc7 Rxc7 24.Ne5 Rd8 25.f4 g6 26.Kc2 1/2-1/2

[Event "N3"]
[Site "?"]
[Date "2003.??.??"]
[Round "9"]
[White "Serra, Laurent"]
[Black "Von Flue, Erwin"]
[Result "1-0"]
[WhiteElo "1830"]
[BlackElo "1860"]
[EventDate "2003.??.??"]
[Annotator "Montpellier/Beziers"]
[PlyCount "85"]

1.e4 c5 2.d4 cxd4 3.c3 dxc3 4.Nxc3 Nc6 5.Bc4 d6 6.Nf3 g6 7.Qe2 Bg7 8.O-O 
Ne5 9.Nxe5 Bxe5 10.f4 Bd4+ 11.Be3 Bxe3+ 12.Qxe3 Bd7 13.Rfd1 Rc8 14.Bb3 Nh6
15.Qxa7 Qc7 16.Qd4 Qc5 17.h3 Qxd4+ 18.Rxd4 Bc6 19.g4 Ng8 20.Rad1 f5 21.
exf5 gxf5 22.Kf2 fxg4 23.hxg4 Nh6 24.Be6 Bd7 25.Bxd7+ Kxd7 26.f5 Nf7 27.
Nd5 Rc2+ 28.R1d2 Rc6 29.Nf4 Rg8 30.Ne6 Ng5 31.Nxg5 Rxg5 32.Kg3 h5 33.Kh4 
Rxg4+ 34.Rxg4 hxg4 35.Kxg4 Rc1 36.Rg2 Re1 37.Kg5 d5 38.f6 exf6+ 39.Kxf6 
Kd6 40.Kf5 b5 41.Kf4 d4 42.Kf3 Kd5 43.Rd2 1-0

[Event "N3"]
[Site "?"]
[Date "2003.??.??"]
[Round "9"]
[White "Sakri, Abdelhak"]
[Black "Canivet, Christophe"]
[Result "1-0"]
[WhiteElo "2020"]
[BlackElo "1800"]
[EventDate "2003.??.??"]
[Annotator "ET/Cahors"]
[PlyCount "115"]

1.d4 e6 2.Bf4 Nf6 3.Nf3 d5 4.e3 Nc6 5.c3 Bd6 6.Bg5 h6 7.Bh4 g5 8.Bg3 Ne4 
9.Nbd2 Nxg3 10.hxg3 Bd7 11.e4 g4 12.Nh2 dxe4 13.Nxg4 f5 14.Ne3 Qg5 15.Qh5+
Qxh5 16.Rxh5 O-O-O 17.O-O-O Be8 18.Rh3 Bg6 19.Bc4 Rde8 20.Rdh1 h5 21.Be2 
f4 22.gxf4 Bxf4 23.Bxh5 Bxe3 24.Bxg6 Rxh3 25.Rxh3 Bxd2+ 26.Kxd2 Rf8 27.Ke3
e5 28.d5 Ne7 29.Bxe4 Kd7 30.Rh6 c6 31.dxc6+ bxc6 32.c4 Rb8 33.b3 Rb6 34.g4
Ra6 35.Bb1 Rb6 36.Ke4 a5 37.Kxe5 a4 38.Bc2 axb3 39.axb3 Ra6 40.Rd6+ Ke8 
41.Kf6 Ra2 42.Bg6+ Nxg6 43.Kxg6 Rxf2 44.Rxc6 Rb2 45.Rb6 Kf8 46.Rb7 Rb1 47.
b4 Rd1 48.c5 Rd4 49.g5 Rc4 50.Kf5 Rc1 51.g6 Kg8 52.g7 Kh7 53.Ke5 Kg8 54.
Kd5 Rc2 55.b5 Rg2 56.c6 Rd2+ 57.Kc5 Rc2+ 58.Kb6 1-0

[Event "N3"]
[Site "?"]
[Date "2003.??.??"]
[Round "9"]
[White "Py, Jean"]
[Black "Khalil, Vincent"]
[Result "1/2-1/2"]
[WhiteElo "2166"]
[BlackElo "2123"]
[EventDate "2003.??.??"]
[Annotator "Montpellier/Beziers"]
[PlyCount "109"]

1.d4 Nf6 2.Nf3 e6 3.Bf4 b6 4.e3 Bb7 5.Be2 Be7 6.h3 O-O 7.O-O c5 8.a4 Nc6 
9.c3 Ne4 10.Nfd2 f5 11.Nxe4 fxe4 12.f3 exf3 13.Bxf3 cxd4 14.cxd4 Rc8 15.
Nc3 Bg5 16.d5 Na5 17.Be4 Bxf4 18.exf4 Qf6 19.Qd3 g6 20.Nb5 Ba6 21.Rf2 Rc5 
22.Ra2 Rfc8 23.b3 Rc3 24.Qd4 Qxd4 25.Nxd4 Nxb3 26.Nxb3 Rxb3 27.dxe6 dxe6 
28.Bc2 Rbc3 29.Rb2 Bc4 30.Be4 Rc5 31.Rfd2 Bd5 32.Bd3 Kf7 33.Kf2 Kf6 34.g4 
Bb3 35.g5+ Ke7 36.Bb5 Bd5 37.Bd3 Bc4 38.Ke3 Bxd3 39.Rxd3 R5c4 40.a5 Rxd3+ 
41.Kxd3 Rxf4 42.axb6 axb6 43.Rxb6 Rf3+ 44.Ke4 Rxh3 45.Rb7+ Kd6 46.Rb6+ Ke7
47.Rb7+ Kd6 48.Rb6+ Kd7 49.Ke5 Re3+ 50.Kf6 Rf3+ 51.Kg7 Rf5 52.Kh6 Rf7 53.
Rb7+ Ke8 54.Rb8+ Ke7 55.Rh8 1/2-1/2

[Event "N3"]
[Site "?"]
[Date "2003.??.??"]
[Round "9"]
[White "Negre, Albert"]
[Black "Le Hetet, Nicolas"]
[Result "1-0"]
[WhiteElo "2121"]
[BlackElo "2099"]
[EventDate "2003.??.??"]
[Annotator "Perpignan/Agen"]
[PlyCount "35"]

1.d4 d5 2.Nc3 Nf6 3.Bg5 e6 4.e4 dxe4 5.Nxe4 Be7 6.Bxf6 Bxf6 7.Nf3 O-O 8.
Qd2 b6 9.Nxf6+ Qxf6 10.Bd3 Bb7 11.Ng5 g6 12.h4 h5 13.O-O-O e5 14.dxe5 Qxe5
15.Rhe1 Qd6 16.Qc3 Qf4+ 17.Kb1 Qxh4 18.Nxf7 1-0